000 00379nam a2200145Ia 4500
008 230917s9999||||xx |||||||||||||| ||und||
040 _e95661
_aMAIN
041 _aEnglish
082 _a785.0954 B469B
100 _aBhargava, Anjana
245 0 _aBharatiya sangeet shastron mein vaadon ka chintan
260 _aNew Delhi
_bKanishka
_c2002
300 _ax, 308 p.
942 _cBK
999 _c113343
_d113343